| 000 | 00781nam a22002297a 4500 | ||
|---|---|---|---|
| 005 | 20250430113411.0 | ||
| 008 | 250430b |||||||| |||| 00| 0 eng d | ||
| 020 | _a978-81-967900-2-8 (pbk) | ||
| 037 | _cTB | ||
| 040 |
_aCRL _cCRL |
||
| 041 |
_2eng _aeng |
||
| 084 |
_aW6.2'P1 R4 _qCRL |
||
| 100 |
_aMehta, Jashwant B. _9580209 |
||
| 245 |
_aReappraising Indian democracy (1947-2023): _b Parliamentary to presidential |
||
| 260 |
_aNew Delhi, India: _bK W Publishers, _c2024. |
||
| 300 | _axxi, 286p. | ||
| 365 |
_b595.00 _cINR |
||
| 650 | _aDemocracy-India | ||
| 650 | _aPolitical Science | ||
| 942 |
_2CC _cTB _hW6.2'P1 R4 _n0 |
||
| 999 |
_c1309808 _d1309808 |
||